UNDERSTANDING teaching and learning in primary education
Guardat en:
| Format: | Llibre |
|---|---|
| Idioma: | anglès |
| Publicat: |
SAGE
2014
|
| Etiquetes: |
Afegir etiqueta
Sense etiquetes, Sigues el primer a etiquetar aquest registre!
|
MARC
| LEADER | 00000nam a2200000 4500 | ||
|---|---|---|---|
| 008 | 201215b ||||| |||| 00| 0 eng d | ||
| 020 | |a 978-1-4462-7062-2 | ||
| 245 | |a UNDERSTANDING teaching and learning in primary education |c edited by Mike Carroll and Margret McCulloch |g xxviii, 323p., ill | ||
| 250 | |c Carroll, Mike. | ||
| 250 | |c McCulloch, Margaret | ||
| 260 | |b SAGE |c 2014 |h Los Angeles |i 692407 |i 692408 |l LB1507 .Un2 |m Elementary school teaching – Great Britain |m Education elementary – Great Britain | ||
| 500 | |a “It includes bibliographical references and index”. | ||
| 942 | |a lcc |c BK |e O.A.JOHNSON |f 15/12/20 | ||
| 952 | |0 0 |1 0 |2 lcc |4 0 |7 0 |9 517 |a HOL |b ED |c LP |d 2020-12-15 |o LB1507.Un2 |p 2020-2243 |r 2020-12-15 00:00:00 |w 2020-12-15 |y BK | ||
| 952 | |0 0 |1 0 |2 lcc |4 0 |6 LB1507 U N2 |7 0 |9 518 |a HOL |b HOL |c LP |d 2020-12-15 |l 0 |o LB1507.Un2 |p 2020-2244 |r 2020-12-15 00:00:00 |w 2020-12-15 |y BK | ||
| 999 | |c 274 |d 274 | ||